000 008370am a2200265 004500
003 EG-GiCUC
008 070306s1991 le f 000 0 ara d
017 _a1990 / 9828
_bمصر.دار الكتب
020 _a9775083117
040 _aEG-GiCUC
_bara
_cEG-GiCUC
050 4 _aBP163
_bS2 1991
092 0 4 _a210
_bS2749
_221
099 _a04
_a210 S2749
100 1 _aالسايح : احمد عبد الرحيم
245 1 0 _aحاجة الانسانية الى ظهور الاسلام /
250 _aط1
260 _a[القاهرة] :
_bالدار المصرية اللبنانية :
_c1991
300 _a97ص ؛
504 _aيشتمل على ارجاعات ببليوجرافية
650 7 _aالاسلام
_2qrmak
902 _a2
905 _aعمر
_eمدخل
905 _aعمر
_eمراجع
942 _2ddc
_cBK
999 _c93034
_d93034